000 00760cam a2200253 a 4500
001 000018036
003 UkOxU
005 20200929165328.0
008 860120s1970 sp ab 000 f spa d
035 _aOCLC ocm13039971 from D970206T
040 _aDO-SdBNP
_cTXR
_dEQO
082 _a963.64
_bB488m, 1970
100 1 _aBerenguer, Luis.
_d1924-1979
_939106
245 1 3 _aEl mundo de Juan Lobón /
_cLuis Berenguer.
250 _a3a. ed.
260 _aMadrid :
_bAlfaguara,
_c1970.
300 _a420 p. :
_bil., mapas ;
_c21 cm.
490 1 _aAlfaguara literaria
_v15
650 4 _aNovela española
_91123
650 4 _aLiteratura española
_ySIGLO XX
_93326
830 0 _aAlfaguara literaria ;
_v15
_96747
910 _aCatalogación derivada
049 _aBNGR
999 _c17558
_d17558